00677cam a22002053a 45000010005000000030006000050050017000110080041000280400015000690420007000840500007000911000033000982450147001312600029002785060030003075160020003376530045003578300028004028560041004301157PGUSA20140828082957.0980101s1998||||xxu|||||s|||||000 1 eng d aPGUSAbeng adc 4aPS1 aBrieux, Eugène,d1858-193210aDamaged Goods :bThe great play "Les avariés" by Brieux, novelized with the approval of the authorh[electronic resource] /cEugène Brieux bProject Gutenberg,c1998 aPublic domain in the USA. aElectronic text aSexually transmitted diseases -- Fiction 0aProject Gutenbergv115740uhttp://www.gutenberg.org/ebooks/1157